LEADER 02462nam0 22005293i 450 001 VAN0274782 005 20240521043054.908 017 70$2N$a9783030761325 100 $a20240411d2021 |0itac50 ba 101 $aeng 102 $aCH 105 $a|||| ||||| 200 1 $aFuzzy Dynamic Equations, Dynamic Inclusions, and Optimal Control Problems on Time Scales$fSvetlin G. Georgiev 210 $aCham$cSpringer$d2021 215 $axiii, 882 p.$cill.$d24 cm 606 $a34-XX$xOrdinary differential equations [MSC 2020]$3VANC021251$2MF 606 $a49J15$xExistence theories for optimal control problems involving ordinary differential equations [MSC 2020]$3VANC024587$2MF 606 $a34A60$xOrdinary differential inclusions [MSC 2020]$3VANC029007$2MF 606 $a34Nxx$xDynamic equations on time scales or measure chains [MSC 2020]$3VANC032294$2MF 606 $a34A07$xFuzzy ordinary differential equations [MSC 2020]$3VANC033722$2MF 610 $aAdjoint linear dynamics$9KW:K 610 $aAlaoglu's theorem$9KW:K 610 $aBang-Bang principle$9KW:K 610 $aBoundary Value Problems$9KW:K 610 $aDynamic Programming$9KW:K 610 $aGronwall type inequality$9KW:K 610 $aIsaacs equations$9KW:K 610 $aKrein-Milman theorem$9KW:K 610 $aLebesgue delta integrals$9KW:K 610 $aOrdinary differential equations$9KW:K 610 $aOrdinary differential inclusions$9KW:K 610 $aShift Operators$9KW:K 610 $aSobolev spaces$9KW:K 610 $aThe Pontryagin maximum principle$9KW:K 610 $aWeak solutions for dynamic systems$9KW:K 620 $aCH$dCham$3VANL001889 700 1$aGeorgiev$bSvetlin G.$3VANV080421$0755241 712 $aSpringer $3VANV108073$4650 790 1$aGeorgiev, Svetlin$zGeorgiev, Svetlin G.$3VANV088906 801 $aIT$bSOL$c20240614$gRICA 856 4 $uhttps://doi.org/10.1007/978-3-030-76132-5$zE-book ? Accesso al full-text attraverso riconoscimento IP di Ateneo, proxy e/o Shibboleth 899 $aBIBLIOTECA DEL DIPARTIMENTO DI MATEMATICA E FISICA$1IT-CE0120$2VAN08 912 $fN 912 $aVAN0274782 950 $aBIBLIOTECA DEL DIPARTIMENTO DI MATEMATICA E FISICA$d08CONS e-book 8240 $e08eMF8240 20240430 996 $aFuzzy Dynamic Equations, Dynamic Inclusions, and Optimal Control Problems on Time Scales$94149055 997 $aUNICAMPANIA LEADER 01305nam0 22002773i 450 001 VAN00262841 005 20250910020251.245 010 $a978-06-912202-5-3 100 $a20230904d2022 |0itac50 ba 101 $aeng 102 $aUS 105 $a|||| ||||| 200 1 $aFlight dynamics$fRobert F. Stengel 205 $a2. ed 210 $aPrinceton$cPrinceton University$d2022 215 $aXVI, 894 p.$cill.$d26 cm 620 $aUS$dPrinceton$3VANL000078 700 1$aStengel$bRobert F.$3VANV039479$059100 712 $aPrinceton university $3VANV108175$4650 801 $aIT$bSOL$c20250912$gRICA 856 4 $uhttps://books.google.it/books?id=pPdlEAAAQBAJ&pg=PP1&dq=Flight+dynamics+/+Robert+F.+Stengel.+-&hl=it&newbks=1&newbks_redir=1&sa=X&ved=2ahUKEwip3uDc8KSBAxUdQvEDHWnTAx8QuwV6BAgNEAk$zhttps://books.google.it/books?id=pPdlEAAAQBAJ&pg=PP1&dq=Flight+dynamics+/+Robert+F.+Stengel.+-&hl=it&newbks=1&newbks_redir=1&sa=X&ved=2ahUKEwip3uDc8KSBAxUdQvEDHWnTAx8QuwV6BAgNEAk 899 $aBIBLIOTECA DEL DIPARTIMENTO DI INGEGNERIA$1IT-CE0100$2VAN05 912 $aVAN00262841 950 $aBIBLIOTECA DEL DIPARTIMENTO DI INGEGNERIA$d05PREST C 252 $e05UBI1923 20230904 996 $aFlight dynamics$9242191 997 $aUNICAMPANIA